|
|
|
|
| LEADER |
01178nam a2200301 a 4500 |
| 001 |
17556 |
| 003 |
BD-DhAAL |
| 005 |
20140610112633.0 |
| 008 |
140610s1995 ncu b 001 0 eng |
| 010 |
|
|
|a 95017002
|
| 020 |
|
|
|a 0822316552 (cl : alk. paper)
|
| 020 |
|
|
|a 0822316676 (pbk. : alk. paper)
|
| 020 |
|
|
|a 0822316676
|
| 040 |
|
|
|a DLC
|c DLC
|d DLC
|d BD-DhAAL
|
| 050 |
0 |
0 |
|a HV4711
|b .A59 1995
|
| 082 |
0 |
0 |
|a 179/.3/082
|2 20
|
| 245 |
0 |
0 |
|a Animals and women :
|b feminist theoretical explorations /
|c edited by Carol J. Adams and Josephine Donovan.
|
| 260 |
|
|
|a Durham :
|b Duke University Press,
|c c1995.
|
| 300 |
|
|
|a ix, 381 p. ;
|c 24 cm.
|
| 504 |
|
|
|a Includes bibliographical references (p. 353-361) and index.
|
| 650 |
|
0 |
|a Animal welfare.
|9 4864
|
| 650 |
|
0 |
|a Animal rights.
|9 4865
|
| 650 |
|
0 |
|a Feminist theory.
|9 4866
|
| 700 |
1 |
|
|a Adams, Carol J.
|9 4867
|
| 700 |
1 |
|
|a Donovan, Josephine,
|d 1941-
|9 4868
|
| 942 |
|
|
|2 ddc
|c BK
|
| 999 |
|
|
|c 14414
|d 14414
|
| 952 |
|
|
|0 0
|1 0
|2 ddc
|4 0
|6 179_308200000000000_ANI
|7 0
|9 24414
|a BRACUL
|b BRACUL
|c GEN
|d 2014-06-10
|l 1
|m 25
|o 179.3082 ANI
|p 3010017556
|r 2025-02-10
|s 2024-04-01
|t 1
|w 2014-06-10
|y BK
|x Transferred from ENH to Ayesha Abed library on 20/12/2023
|